Bộ quy tắc biên mục Anh - Mỹ rút gọn, 1988 = The consise AACR2, 1988 revision
Tài liệu cung cấp các qui tắc biên mục theo tiêu chuẩn AACR2 bằng tiếng Việt.
Gorde:
| Egile nagusia: | |
|---|---|
| Formatua: | Liburua |
| Hizkuntza: | Undetermined |
| Argitaratua: |
McLean, VA
LEAF-VN
c2002
|
| Gaiak: | |
| Etiketak: |
Etiketa erantsi
Etiketarik gabe, Izan zaitez lehena erregistro honi etiketa jartzen!
|
| Thư viện lưu trữ: | Trung tâm Học liệu Trường Đại học Cần Thơ |
|---|
| LEADER | 00818nam a2200217Ia 4500 | ||
|---|---|---|---|
| 001 | CTU_131285 | ||
| 008 | 210402s9999 xx 000 0 und d | ||
| 082 | |a 025.32 | ||
| 082 | |b G671 | ||
| 100 | |a Gorman, Michael | ||
| 245 | 0 | |a Bộ quy tắc biên mục Anh - Mỹ rút gọn, 1988 | |
| 245 | 0 | |b = The consise AACR2, 1988 revision | |
| 245 | 0 | |c Michael Gorman ; dịch giả: Lâm Vĩnh Thế, Phạm Thị Lệ Hương | |
| 260 | |a McLean, VA | ||
| 260 | |b LEAF-VN | ||
| 260 | |c c2002 | ||
| 520 | |a Tài liệu cung cấp các qui tắc biên mục theo tiêu chuẩn AACR2 bằng tiếng Việt. | ||
| 650 | |a Anglo-American cataloguing rules,Descriptive cataloguing | ||
| 650 | |x Rules | ||
| 904 | |i Huỳnh Mai | ||
| 980 | |a Trung tâm Học liệu Trường Đại học Cần Thơ | ||